000 00663nam a22001577a 4500
003 OSt
005 20150925094215.0
008 150925b xxu||||| |||| 00| 0 eng d
040 _cRUA
082 _aAGR SE 2012 B052 Or.1
100 _91304
_aSE SOKLEAP
245 _aEffect of direct seeding mulch-based cropping system on phosphorus and potassium the soil,(ឥទ្ធិពលនៃប្រព័ន្ធដំាដុះដំណាំគំរបដីលើកំរិតផូស្វ័រ និង ប៉ូតាស្យូមក្នុងដី)
260 _aphnom penh
_bRUA
_c2012
300 _axii, 49p.
_cill.
_g29cm.
942 _2ddc
_cAGR
999 _c1235
_d1235